[Event "XXXI Moglianoscacchi C"]
[Site "Mogliano Veneto ITA"]
[Date "2010.04.30"]
[Round "1"]
[White "Ferlini, Claudio"]
[Black "Bellon, Antonio"]
[Result "0-1"]
[WhiteElo "1380"]
[BlackElo "1467"]
[PlyCount "98"]
[EventDate "2010.04.30"]

1. e4 e5 2. Nf3 Nc6 3. Bb5 a6 4. Ba4 Nf6 5. O-O d6 6. c3 Nxe4 7. d4 b5 8. Bb3
Nf6 9. Re1 e4 10. Ng5 d5 11. Qf3 Be7 12. Qe2 O-O 13. Nd2 h6 14. Ngxe4 dxe4 15.
Nxe4 Bf5 16. Ng3 Bh7 17. a4 Re8 18. Qf3 Na5 19. Bd1 Nb3 20. Bxb3 Rc8 21. Bd2
Bd6 22. axb5 axb5 23. Rxe8+ Qxe8 24. Re1 Qd7 25. Bxh6 Re8 26. Rxe8+ Qxe8 27.
Be3 b4 28. c4 Qe6 29. Qa8+ Bf8 30. Qb7 Ng4 31. Qf3 Nxe3 32. Qxe3 Qa6 33. Qe1
Bd3 34. c5 g6 35. h3 Bc4 36. Bxc4 Qxc4 37. Ne2 Qc2 38. Qc1 Qxe2 39. b3 Qd3 40.
Qe3 Qb5 41. Qg5 Qd7 42. Qd2 Bxc5 43. d5 c6 44. Qa2 Qxd5 45. Qa8+ Kg7 46. Qa1+
Bd4 47. Qa2 Kf6 48. Kf1 Qb5+ 49. Ke1 Bc3+ 0-1

[Event "XXXI Moglianoscacchi C"]
[Site "Mogliano Veneto ITA"]
[Date "2010.04.30"]
[Round "1"]
[White "Giacomelli, Enzo"]
[Black "Sorrentino, Francesco"]
[Result "0-1"]
[WhiteElo "1500"]
[BlackElo "1428"]
[PlyCount "48"]
[EventDate "2010.04.30"]

1. d4 Nf6 2. c4 c5 3. Nf3 cxd4 4. Nxd4 e5 5. Nb3 Bb4+ 6. Bd2 Qb6 7. Nc3 O-O 8.
e3 Qc6 9. Nd5 Nxd5 10. cxd5 Bxd2+ 11. Qxd2 Qg6 12. g3 Qe4 13. Rg1 d6 14. Bg2
Qg6 15. O-O-O Bg4 16. f3 Rc8+ 17. Qc3 Rxc3+ 18. bxc3 Bd7 19. e4 Na6 20. Bf1 b5
21. Na5 Nc7 22. Kc2 f5 23. Bd3 Rb8 24. a3 Qh5 0-1

[Event "XXXI Moglianoscacchi C"]
[Site "Mogliano Veneto ITA"]
[Date "2010.04.30"]
[Round "1"]
[White "Gigovski, Gjore"]
[Black "Simonetto, Adriano"]
[Result "1/2-1/2"]
[WhiteElo "1446"]
[BlackElo "1542"]
[PlyCount "57"]
[EventDate "2010.04.30"]

1. d4 d5 2. Nf3 e6 3. Bf4 c5 4. e3 a6 5. c3 Nc6 6. Be2 Nf6 7. Nbd2 Be7 8. h3 b5
9. O-O O-O 10. Ne5 Nxe5 11. Bxe5 Nd7 12. Nf3 Nxe5 13. Nxe5 Bd6 14. f4 Bb7 15.
Rf2 Bxe5 16. fxe5 Qe7 17. Qc2 f6 18. exf6 Rxf6 19. Raf1 Rxf2 20. Rxf2 Rf8 21.
Bg4 Rxf2 22. Qxf2 cxd4 23. exd4 e5 24. dxe5 Qxe5 25. Bf3 Qg5 26. Qa7 Qc1+ 27.
Kh2 Qf4+ 28. Kh1 Qc1+ 29. Kh2 1/2-1/2

[Event "XXXI Moglianoscacchi C"]
[Site "Mogliano Veneto ITA"]
[Date "2010.04.30"]
[Round "1"]
[White "Greco, Alvise"]
[Black "Vomiero, Luciano"]
[Result "0-1"]
[WhiteElo "1365"]
[BlackElo "1464"]
[PlyCount "50"]
[EventDate "2010.04.30"]

1. d4 d5 2. c4 e6 3. Nc3 Nf6 4. Bg5 Be7 5. Qc2 Nc6 6. Nf3 dxc4 7. O-O-O Nd5 8.
Bxe7 Qxe7 9. e4 Nxc3 10. Qxc3 b5 11. a3 O-O 12. d5 Nd8 13. Qa5 a6 14. h4 Qc5
15. Kc2 Qxf2+ 16. Rd2 Qc5 17. Rd4 Nb7 18. Qc3 Nd6 19. Bd3 h6 20. Kb1 a5 21. g4
b4 22. axb4 axb4 23. Qc1 Qa5 24. Bxc4 Nxc4 25. Rxc4 Qa2+ 0-1

[Event "XXXI Moglianoscacchi C"]
[Site "Mogliano Veneto ITA"]
[Date "2010.04.30"]
[Round "1"]
[White "Monari, Emanuele"]
[Black "Minei, Giovanni"]
[Result "0-1"]
[WhiteElo "1461"]
[BlackElo "1583"]
[PlyCount "36"]
[EventDate "2010.04.30"]

1. e4 c6 2. d4 d5 3. exd5 cxd5 4. Bf4 Bf5 5. c4 e6 6. Nc3 Nf6 7. Bd3 Bxd3 8.
Qxd3 Nc6 9. Nf3 Be7 10. O-O O-O 11. Rfe1 Rc8 12. b3 dxc4 13. bxc4 Bc5 14. Rad1
Bb6 15. d5 Nb4 16. Qd2 exd5 17. cxd5 Ba5 18. Qd4 Nc2 0-1

[Event "XXXI Moglianoscacchi C"]
[Site "Mogliano Veneto ITA"]
[Date "2010.04.30"]
[Round "1"]
[White "Pomponio, Stefano"]
[Black "Stringhetta, Elio"]
[Result "0-1"]
[WhiteElo "1569"]
[BlackElo "1447"]
[PlyCount "98"]
[EventDate "2010.04.30"]

1. e4 c5 2. Nc3 d6 3. Nf3 Nc6 4. Bb5 Bd7 5. O-O Nf6 6. Re1 a6 7. Ba4 b5 8. Nxb5
axb5 9. Bxb5 Rb8 10. a4 g6 11. d4 cxd4 12. Nxd4 Nxd4 13. Bxd7+ Qxd7 14. Qxd4
Bg7 15. b3 O-O 16. Rb1 Qc6 17. Qd3 Rfc8 18. c4 Ng4 19. h3 Ne5 20. Qc2 Nd7 21.
Be3 Nc5 22. f3 Rb7 23. Bxc5 Qxc5+ 24. Kf1 Rcb8 25. Qd3 Be5 26. Re2 Bh2 27. Re3
Bg3 28. Qe2 Bh2 29. Qf2 Rxb3 30. Rexb3 Rxb3 31. Rxb3 Qxc4+ 32. Ke1 Qxb3 33. a5
Qb1+ 34. Ke2 Bg1 35. Qe1 Qb5+ 36. Kd2 Qxa5+ 37. Kd1 Qa4+ 38. Kd2 Qd4+ 39. Kc2
Qc4+ 40. Qc3 Qf1 41. e5 Qxg2+ 42. Kb3 dxe5 43. Kb4 Bd4 44. Qc8+ Kg7 45. Qd7
Qxf3 46. Qxe7 Qc3+ 47. Kb5 Qb3+ 48. Kc6 Qxh3 49. Kc7 Qe6 0-1

[Event "XXXI Moglianoscacchi C"]
[Site "Mogliano Veneto ITA"]
[Date "2010.04.30"]
[Round "1"]
[White "Ramundi, Lorenzo"]
[Black "Ramundi, Claudia"]
[Result "1-0"]
[WhiteElo "1497"]
[BlackElo "1413"]
[PlyCount "65"]
[EventDate "2010.04.30"]

1. e4 e5 2. Nf3 Nc6 3. Bc4 Nf6 4. d3 h6 5. O-O Bc5 6. c3 d6 7. h3 O-O 8. Nbd2
Be6 9. Bb3 Re8 10. Re1 Qd7 11. Bxe6 Qxe6 12. Nf1 Rad8 13. Ng3 Ne7 14. d4 exd4
15. cxd4 Bb4 16. Bd2 Bxd2 17. Qxd2 Ng6 18. Rad1 Qxa2 19. Ra1 Qb3 20. Rxa7 d5
21. e5 Nd7 22. Qc3 Qb6 23. Rea1 Re6 24. Ra8 Rxa8 25. Rxa8+ Kh7 26. Rd8 Rc6 27.
Qa3 Ndf8 28. Nh5 Rc1+ 29. Kh2 Kg8 30. e6 Qxe6 31. Ne5 Nxe5 32. Qxf8+ Kh7 33.
Qxg7# 1-0

[Event "XXXI Moglianoscacchi C"]
[Site "Mogliano Veneto ITA"]
[Date "2010.04.30"]
[Round "1"]
[White "Stefanutti, Piero"]
[Black "Fochesato, Davide"]
[Result "0-1"]
[WhiteElo "1422"]
[BlackElo "1500"]
[PlyCount "116"]
[EventDate "2010.04.30"]

1. e4 c5 2. Nf3 d6 3. d4 cxd4 4. Nxd4 Nf6 5. Nc3 a6 6. Be2 e5 7. Nb3 Be6 8. Be3
Be7 9. O-O O-O 10. Bd3 Nbd7 11. Nd2 b5 12. a3 Re8 13. f4 Nf8 14. f5 Bc8 15. Bf2
Bb7 16. Re1 Qc7 17. Nf1 Rad8 18. Ne3 d5 19. Ng4 dxe4 20. Nxf6+ Bxf6 21. Nxe4
Bxe4 22. Rxe4 g6 23. Qg4 Bg7 24. Rd1 Nd7 25. fxg6 fxg6 26. Qh3 Nf6 27. Ree1 e4
28. Be2 Rxd1 29. Bxd1 Qd7 30. Qxd7 Nxd7 31. c3 Bh6 32. Bb3+ Kh8 33. Bd4+ Bg7
34. Bxg7+ Kxg7 35. Bd5 e3 36. Bc6 Re7 37. Bxd7 Rxd7 38. Rxe3 Kf7 39. Kf2 Rd2+
40. Re2 Rd6 41. b3 Rc6 42. Re3 a5 43. a4 bxa4 44. bxa4 Rc4 45. Re5 Rxa4 46. Rc5
Ra2+ 47. Kf3 a4 48. h3 a3 49. g4 Ra1 50. Ke3 a2 51. Rc7+ Kg8 52. Rc8+ Kg7 53.
Rc7+ Kf6 54. Rc6+ Ke5 55. Kd2 Rd1+ 56. Kxd1 a1=Q+ 57. Kd2 Qa2+ 58. Kd3 Qd5+ 0-1

[Event "XXXI Moglianoscacchi C"]
[Site "Mogliano Veneto ITA"]
[Date "2010.04.30"]
[Round "1"]
[White "Vannini, Daniele"]
[Black "Di Fresco, Michele"]
[Result "1-0"]
[WhiteElo "1440"]
[BlackElo "1518"]
[PlyCount "81"]
[EventDate "2010.04.30"]

1. e4 e6 2. d3 d5 3. exd5 exd5 4. Be2 Bd6 5. Nf3 Ne7 6. h3 Be6 7. Nc3 a6 8. Nd4
Qd7 9. Nxe6 Qxe6 10. a3 O-O 11. O-O Nbc6 12. Bg4 Qe5 13. f4 Bc5+ 14. Kh1 Qd6
15. Ne2 f5 16. Bf3 Ng6 17. c3 Rfd8 18. d4 Ba7 19. Qc2 Nce7 20. Bd2 c5 21. Be3
cxd4 22. Bxd4 Bxd4 23. cxd4 Nxf4 24. Nxf4 Kh8 25. Nd3 Qf6 26. Ne5 Qh4 27. Qf2
Qf6 28. Rac1 g5 29. Rc7 Rg8 30. Rc3 Qe6 31. Re1 Qf6 32. Rc7 Rg7 33. Rc3 Rag8
34. Rce3 g4 35. hxg4 fxg4 36. Nxg4 Rxg4 37. Rxe7 Rxd4 38. R7e6 Qf4 39. Qe3 Qh4+
40. Kg1 Re4 41. Bxe4 1-0

[Event "XXXI Moglianoscacchi C"]
[Site "Mogliano Veneto ITA"]
[Date "2010.05.01"]
[Round "2"]
[White "Baldizzi, Riccardo"]
[Black "Monari, Emanuele"]
[Result "0-1"]
[WhiteElo "1287"]
[BlackElo "1461"]
[PlyCount "92"]
[EventDate "2010.04.30"]

1. e4 e5 2. Nf3 Nc6 3. d4 exd4 4. Bc4 Bc5 5. c3 dxc3 6. Bxf7+ Kxf7 7. Qd5+ Ke8
8. Qxc5 cxb2 9. Bxb2 Nf6 10. e5 d6 11. exd6 Qxd6 12. Qg5 Kf7 13. Ne5+ Nxe5 14.
Bxe5 Re8 15. f4 h6 16. Qg3 Qd4 17. Kf1 Rxe5 18. fxe5 Qxa1 19. Qb3+ Kg6 20. exf6
Qxf6+ 21. Ke1 Qe6+ 22. Qxe6+ Bxe6 23. Nc3 c6 24. a3 Rd8 25. Rf1 Rd3 26. Ne2
Rxa3 27. Nf4+ Kf5 28. Nh5+ Ke5 29. Nxg7 Ra1+ 30. Kf2 Rxf1+ 31. Kxf1 a5 32. Ke2
b5 33. Nxe6 Kxe6 34. Kd2 Kd5 35. Kc3 b4+ 36. Kb3 Kd4 37. g4 c5 38. h4 a4+ 39.
Kb2 Kd3 40. g5 hxg5 41. hxg5 c4 42. g6 c3+ 43. Kc1 a3 44. Kb1 Kd2 45. g7 c2+
46. Ka2 c1=Q 0-1

[Event "XXXI Moglianoscacchi C"]
[Site "Mogliano Veneto ITA"]
[Date "2010.05.01"]
[Round "2"]
[White "Bellon, Antonio"]
[Black "Rossi, Aldo V."]
[Result "1-0"]
[WhiteElo "1467"]
[BlackElo "1398"]
[PlyCount "67"]
[EventDate "2010.04.30"]

1. e4 c5 2. Nf3 d6 3. d4 cxd4 4. Nxd4 Nf6 5. Nc3 a6 6. Bg5 e6 7. f4 Nbd7 8. Qf3
Qc7 9. O-O-O Be7 10. g4 b5 11. Bxf6 gxf6 12. g5 Bb7 13. h4 b4 14. Nb1 f5 15.
Qh5 Nf8 16. Bg2 Ng6 17. Rhf1 O-O-O 18. exf5 Bxg2 19. Rf2 exf5 20. Rxg2 Nxf4 21.
Qxf7 Nxg2 22. Qxf5+ Rd7 23. Qd3 Qb7 24. Qc4+ Rc7 25. Qe6+ Kd8 26. Nf5 Re8 27.
Nxd6 Bxd6 28. Rxd6+ Rd7 29. Qf6+ Ree7 30. Rxd7+ Qxd7 31. Qb6+ Ke8 32. Qb8+ Kf7
33. b3 Re1+ 34. Kb2 {...} 1-0

[Event "XXXI Moglianoscacchi C"]
[Site "Mogliano Veneto ITA"]
[Date "2010.05.01"]
[Round "2"]
[White "Borghi, Bruno"]
[Black "Barp, Alberto"]
[Result "1/2-1/2"]
[WhiteElo "1523"]
[BlackElo "1491"]
[PlyCount "61"]
[EventDate "2010.04.30"]

1. e4 c6 2. d4 d5 3. Nc3 dxe4 4. Nxe4 Bf5 5. Ng3 Bg6 6. Nf3 e6 7. Bd3 Bxd3 8.
Qxd3 Nd7 9. Bf4 Qb6 10. O-O Ngf6 11. Rfe1 Be7 12. c4 O-O 13. Be3 Qc7 14. Rac1
Rad8 15. Qc3 Nb6 16. a3 Nbd7 17. Bd2 c5 18. d5 Qb6 19. Bf4 Rfe8 20. dxe6 fxe6
21. Rcd1 Nf8 22. Rxd8 Bxd8 23. h3 Bc7 24. Bxc7 Qxc7 25. Ng5 e5 26. Nf5 Ng6 27.
Ne3 e4 28. f3 exf3 29. Nxf3 Qg3 30. Nf5 Rxe1+ 31. Qxe1 1/2-1/2

[Event "XXXI Moglianoscacchi C"]
[Site "Mogliano Veneto ITA"]
[Date "2010.05.01"]
[Round "2"]
[White "Bressan, Andrea"]
[Black "Greco, Alvise"]
[Result "1-0"]
[WhiteElo "1476"]
[BlackElo "1365"]
[PlyCount "73"]
[EventDate "2010.04.30"]

1. e4 e6 2. d4 d5 3. exd5 exd5 4. Bd3 c5 5. dxc5 Bxc5 6. Nf3 Nc6 7. O-O Nf6 8.
Re1+ Be7 9. h3 O-O 10. Nc3 Bd7 11. Bf4 Bc5 12. Ne5 Nxe5 13. Bxe5 Qb6 14. Qd2
Rfe8 15. Kf1 Re6 16. Bf5 Rxe5 17. Rxe5 Qd6 18. Qf4 Nh5 19. Bxh7+ Kf8 20. Qh2 f6
21. Bg6 fxe5 22. Bxh5 Qf6 23. Qg3 Kg8 24. Nxd5 Qf5 25. Bg4 Bb5+ 26. Kg1 Qxc2
27. Nc7 Rf8 28. Be6+ Kh7 29. Qh4+ Kg6 30. Kh2 Rxf2 31. Qg3+ Kf6 32. Nxb5 Qxb2
33. Re1 Qxb5 34. Qxe5+ Kg6 35. Qg3+ Kf6 36. Re5 Qb2 37. Qg5# 1-0

[Event "XXXI Moglianoscacchi C"]
[Site "Mogliano Veneto ITA"]
[Date "2010.05.01"]
[Round "2"]
[White "Buranelli, Matteo"]
[Black "Sorrentino, Francesco"]
[Result "1-0"]
[WhiteElo "1497"]
[BlackElo "1428"]
[PlyCount "139"]
[EventDate "2010.04.30"]

1. e4 c6 2. c4 g6 3. Nc3 Bg7 4. d4 d6 5. Be3 Nf6 6. f3 O-O 7. Nge2 Bd7 8. Qd2
b5 9. cxb5 cxb5 10. b4 a5 11. bxa5 b4 12. Nd5 Nxd5 13. exd5 Qxa5 14. Nf4 b3 15.
Qxa5 Rxa5 16. a3 Bf5 17. Bd3 e6 18. dxe6 fxe6 19. Bxf5 gxf5 20. Nxe6 b2 21. Rb1
Rxa3 22. Nxf8 Rxe3+ 23. Kd2 Bxd4 24. Rxb2 Re8 25. Rxb8 Rxb8 26. Ne6 Rb2+ 27.
Kd3 Be5 28. f4 Bf6 29. g3 h6 30. Nd4 d5 31. Nxf5 Rb3+ 32. Kc2 Rc3+ 33. Kd2 Kh7
34. Re1 Ra3 35. Rc1 Kg6 36. Ne3 Ra4 37. Rc6 Ra2+ 38. Kd3 Ra3+ 39. Ke2 Ra2+ 40.
Kf3 Ra3 41. Ke2 Ra2+ 42. Kd1 Ra1+ 43. Kc2 Ra2+ 44. Kb3 Rb2+ 45. Ka4 Rd2 46. Kb4
Rd3 47. Ng4 Rd4+ 48. Kb5 Kg7 49. Rxf6 h5 50. Rf5 hxg4 51. Kc5 Rd2 52. Rxd5 Rxh2
53. Rg5+ Kf6 54. Rxg4 Rh5+ 55. Kd4 Kf5 56. Rg8 Rh7 57. Rg5+ Kf6 58. Ke4 Re7+
59. Kf3 Ra7 60. Kg4 Ra4 61. Rc5 Ke6 62. Kg5 Kd6 63. Rb5 Kc6 64. Rf5 Ra3 65. g4
Rg3 66. Rf6+ Kd5 67. f5 Ke4 68. Rg6 Kd5 69. Kf6 Re3 70. Kg7 1-0

[Event "XXXI Moglianoscacchi C"]
[Site "Mogliano Veneto ITA"]
[Date "2010.05.01"]
[Round "2"]
[White "Caruso, Gaetano"]
[Black "Paneghel, Silla"]
[Result "1/2-1/2"]
[WhiteElo "1502"]
[BlackElo "1392"]
[PlyCount "76"]
[EventDate "2010.04.30"]

1. d4 d5 2. c4 Nf6 3. Nc3 Nc6 4. Nf3 e6 5. a3 Be7 6. e3 O-O 7. Be2 b6 8. O-O
Bb7 9. b3 Re8 10. Ne5 Nxe5 11. dxe5 Nd7 12. f4 dxc4 13. Bxc4 Nc5 14. Qc2 f5 15.
b4 Be4 16. Qd2 Bd3 17. Bxd3 Qxd3 18. Qxd3 Nxd3 19. Nb5 Rec8 20. Rd1 Nxc1 21.
Raxc1 c5 22. Nd6 Rc7 23. Rc2 Rd8 24. Rcd2 Rcd7 25. bxc5 bxc5 26. Kf2 c4 27.
Nxc4 Rxd2+ 28. Rxd2 Rxd2+ 29. Nxd2 Bxa3 30. Nc4 Bc5 31. Ke2 Kf7 32. Kd3 Ke7 33.
h3 Kd7 34. g4 g6 35. gxf5 gxf5 36. e4 fxe4+ 37. Kxe4 Kc6 38. f5 Kd7 1/2-1/2

[Event "XXXI Moglianoscacchi C"]
[Site "Mogliano Veneto ITA"]
[Date "2010.05.01"]
[Round "2"]
[White "Di Fresco, Michele"]
[Black "Caverzan, Marco"]
[Result "1-0"]
[WhiteElo "1518"]
[BlackElo "1410"]
[PlyCount "22"]
[EventDate "2010.04.30"]

1. e4 c5 2. c3 d6 3. d4 cxd4 4. cxd4 Nf6 5. Nc3 Nc6 6. Bg5 e6 7. Nf3 Be7 8. Bd3
a6 9. O-O h6 10. Bh4 g5 11. d5 11... gxh4 {...} 1-0

[Event "XXXI Moglianoscacchi C"]
[Site "Mogliano Veneto ITA"]
[Date "2010.05.01"]
[Round "2"]
[White "Fochesato, Davide"]
[Black "Aprile, Massimo"]
[Result "1/2-1/2"]
[WhiteElo "1500"]
[BlackElo "1476"]
[PlyCount "28"]
[EventDate "2010.04.30"]

1. e4 e6 2. d4 d5 3. e5 c5 4. c3 cxd4 5. cxd4 Bb4+ 6. Nc3 Qa5 7. Bd2 Ne7 8. a3
Bxc3 9. Bxc3 Qb6 10. Nf3 Bd7 11. Bd3 Bb5 12. O-O Nbc6 13. Bxb5 Qxb5 14. Qd2 Rc8
1/2-1/2

[Event "XXXI Moglianoscacchi C"]
[Site "Mogliano Veneto ITA"]
[Date "2010.05.01"]
[Round "2"]
[White "Lorenzon, Luigi"]
[Black "Bergamasco, Tommaso"]
[Result "1-0"]
[WhiteElo "1440"]
[BlackElo "1374"]
[PlyCount "57"]
[EventDate "2010.04.30"]

1. d4 d5 2. c4 Nf6 3. cxd5 Nxd5 4. e4 Nf6 5. Nc3 e6 6. Nf3 Bd7 7. Bd3 Be7 8.
O-O O-O 9. Re1 Bc6 10. Bc2 Qd7 11. Qd3 g6 12. Bh6 Re8 13. h3 Na6 14. a3 Rad8
15. b4 b5 16. Rad1 Nb8 17. Bb3 a6 18. Qc2 Bb7 19. d5 exd5 20. exd5 c6 21. Ne5
Qc7 22. d6 Bxd6 23. Bxf7+ Kh8 24. Nxg6+ hxg6 25. Rxe8+ Rxe8 26. Qxg6 Bf8 27.
Qxf6+ Kh7 28. Qg6+ Kh8 29. Qg8# 1-0

[Event "XXXI Moglianoscacchi C"]
[Site "Mogliano Veneto ITA"]
[Date "2010.05.01"]
[Round "2"]
[White "Marton, Massimiliano"]
[Black "Ferrari, Paolo"]
[Result "1-0"]
[WhiteElo "1535"]
[BlackElo "1245"]
[PlyCount "37"]
[EventDate "2010.04.30"]

1. e4 d6 2. d4 g6 3. Nf3 Bg7 4. Nc3 a6 5. Be2 b5 6. a3 Bb7 7. O-O Nf6 8. Re1
Nxe4 9. Nxe4 Bxe4 10. Ng5 Bb7 11. Bf3 d5 12. Qe2 Bxd4 13. Be3 Bxb2 14. Rad1 c6
15. Bc5 Bf6 16. Nxf7 Kxf7 17. Qe6+ Ke8 18. Qxf6 Rf8 19. Rxe7+ 1-0

[Event "XXXI Moglianoscacchi C"]
[Site "Mogliano Veneto ITA"]
[Date "2010.05.01"]
[Round "2"]
[White "Minei, Giovanni"]
[Black "Vannini, Daniele"]
[Result "1-0"]
[WhiteElo "1583"]
[BlackElo "1440"]
[PlyCount "101"]
[EventDate "2010.04.30"]

1. d4 d5 2. Nf3 c6 3. e3 g6 4. Bd3 Bg7 5. Nbd2 Bg4 6. h3 Bxf3 7. Nxf3 Nf6 8.
Qe2 Nbd7 9. O-O O-O 10. Rd1 Re8 11. b3 e5 12. dxe5 Nxe5 13. Nxe5 Rxe5 14. Bb2
Re8 15. c4 Qe7 16. cxd5 Nxd5 17. Bxg7 Kxg7 18. Qb2+ Kg8 19. Re1 Qf6 20. Qc2
Rad8 21. a3 Qc3 22. Rac1 Qxc2 23. Bxc2 Re7 24. e4 Nb6 25. Rcd1 Red7 26. e5 Rxd1
27. Rxd1 Rxd1+ 28. Bxd1 Kf8 29. f4 Ke7 30. Kf2 f6 31. exf6+ Kxf6 32. Kf3 Nd5
33. g4 h6 34. h4 b6 35. Bc2 a5 36. Be4 b5 37. Bxd5 cxd5 38. Ke3 Ke6 39. Kd4 Kd6
40. f5 gxf5 41. gxf5 h5 42. a4 bxa4 43. bxa4 Ke7 44. Kxd5 Kf6 45. Ke4 Ke7 46.
Ke5 Kf7 47. f6 Kf8 48. Ke6 Ke8 49. Kf5 Kf7 50. Kg5 Ke6 51. Kg6 1-0

[Event "XXXI Moglianoscacchi C"]
[Site "Mogliano Veneto ITA"]
[Date "2010.05.01"]
[Round "2"]
[White "Pomponio, Stefano"]
[Black "Giacomelli, Enzo"]
[Result "0-1"]
[WhiteElo "1569"]
[BlackElo "1500"]
[PlyCount "80"]
[EventDate "2010.04.30"]

1. g3 d5 2. Bg2 Nf6 3. d4 e6 4. Nf3 Be7 5. O-O O-O 6. Nc3 Nbd7 7. Re1 c5 8. e4
dxe4 9. Nxe4 Nxe4 10. Rxe4 Nf6 11. Re1 h6 12. c3 cxd4 13. Nxd4 Nd5 14. Qc2 Bf6
15. Qd3 Ne7 16. Bf4 Ng6 17. Be4 Nxf4 18. gxf4 Rb8 19. Re3 e5 20. Bh7+ Kh8 21.
fxe5 Bg5 22. f4 Bxf4 23. Rf3 Qg5+ 24. Kh1 Qxe5 25. Raf1 g5 26. h3 f5 27. Bg6
Bd7 28. Ne2 Bc6 29. Nxf4 Bxf3+ 30. Qxf3 Qxf4 31. Qxf4 gxf4 32. Rxf4 Rbd8 33.
Rf2 Rd5 34. Kg2 Rg8 35. Kf3 Rxg6 36. Re2 Rgd6 37. Kf4 Rf6 38. Re8+ Kg7 39. Ke3
f4+ 40. Ke4 f3 0-1

[Event "XXXI Moglianoscacchi C"]
[Site "Mogliano Veneto ITA"]
[Date "2010.05.01"]
[Round "2"]
[White "Ramundi, Claudia"]
[Black "De Col, Daniele"]
[Result "0-1"]
[WhiteElo "1413"]
[BlackElo "1466"]
[PlyCount "86"]
[EventDate "2010.04.30"]

1. e4 d5 2. exd5 Qxd5 3. Nc3 Qa5 4. Nf3 Nf6 5. Bc4 Bf5 6. d3 e6 7. a3 c6 8. Bf4
Nbd7 9. b4 Qd8 10. O-O Nh5 11. Nd4 Nxf4 12. Re1 Qg5 13. g3 O-O-O 14. Nf3 Qg4
15. d4 Nh3+ 16. Kf1 Be7 17. Be2 Qg6 18. d5 exd5 19. Bd3 Bf6 20. Rb1 Bxc3 21.
Re2 Bf6 22. a4 h5 23. b5 c5 24. a5 c4 25. Bxf5 Qxf5 26. Re3 Nc5 27. b6 a6 28.
Qe2 Ne4 29. Re1 Nhxf2 30. Kg1 h4 31. Rxe4 Nxe4 32. Rf1 hxg3 33. Nd2 gxh2+ 34.
Kh1 Ng3+ 35. Kg2 Qh3+ 36. Kf2 Nxe2 37. Kxe2 Rde8+ 38. Kd1 h1=Q 39. Rxh1 Qxh1+
40. Nf1 Qxf1+ 41. Kd2 Qf3 42. Kc1 Qc3 43. Kb1 Qb2# 0-1

[Event "XXXI Moglianoscacchi C"]
[Site "Mogliano Veneto ITA"]
[Date "2010.05.01"]
[Round "2"]
[White "Serradura, Gianluca"]
[Black "Gigovski, Gjore"]
[Result "0-1"]
[WhiteElo "1358"]
[BlackElo "1446"]
[PlyCount "86"]
[EventDate "2010.04.30"]

1. Nf3 b6 2. g3 Nc6 3. e4 e6 4. Bg2 Bb7 5. d3 Rb8 6. O-O Nf6 7. Nbd2 Be7 8. c3
O-O 9. e5 Ne8 10. d4 d6 11. Re1 a5 12. a4 Na7 13. h4 c5 14. Nf1 Nc6 15. Bg5 h6
16. Bxe7 Nxe7 17. N1h2 Ng6 18. h5 Ne7 19. Bh3 Bd5 20. Qc2 Rc8 21. Qd2 dxe5 22.
Nxe5 cxd4 23. Qxd4 Nf6 24. g4 Nc6 25. Qe3 Nxe5 26. Qxe5 Rc4 27. f3 Rc5 28. Qe3
Qc7 29. Qe5 Qxe5 30. Rxe5 Bb3 31. Rxc5 bxc5 32. Ra3 c4 33. Nf1 Rd8 34. Ng3 Rd2
35. Ra1 Rxb2 36. Bf1 Nd5 37. Ne4 f5 38. gxf5 exf5 39. Nd6 Ne3 40. Re1 f4 41.
Ne4 Bxa4 42. Re2 Rb1 43. Nd2 43... Rc1 {...} 0-1

[Event "XXXI Moglianoscacchi C"]
[Site "Mogliano Veneto ITA"]
[Date "2010.05.01"]
[Round "2"]
[White "Simonetto, Adriano"]
[Black "Bottazzi, Leonardo"]
[Result "1-0"]
[WhiteElo "1542"]
[BlackElo "1436"]
[PlyCount "55"]
[EventDate "2010.04.30"]

1. d4 Nf6 2. c4 c5 3. e3 e6 4. Nc3 d5 5. Nf3 b6 6. b3 Bb7 7. Be2 Be7 8. O-O O-O
9. Bb2 Nc6 10. Rc1 Qb8 11. Qc2 dxc4 12. bxc4 Rd8 13. Rfd1 Bd6 14. Nb5 Be7 15.
dxc5 bxc5 16. Rxd8+ Bxd8 17. Rd1 Be7 18. Qd2 Ne4 19. Qd7 a6 20. Nc7 Ra7 21. Ne5
Nf6 22. Nxc6 Nxd7 23. Nxb8 Nxb8 24. Be5 Nc6 25. Bd6 Bd8 26. Bxc5 Bxc7 27. Bxa7
Nxa7 28. Rd7 1-0

[Event "XXXI Moglianoscacchi C"]
[Site "Mogliano Veneto ITA"]
[Date "2010.05.01"]
[Round "2"]
[White "Stradiotto, Angelo"]
[Black "Stefanutti, Piero"]
[Result "1/2-1/2"]
[WhiteElo "1461"]
[BlackElo "1422"]
[PlyCount "109"]
[EventDate "2010.04.30"]

1. d4 d5 2. c4 c6 3. Nf3 Nf6 4. Bf4 dxc4 5. e3 b5 6. b3 Qa5+ 7. Qd2 Qxd2+ 8.
Nfxd2 cxb3 9. Nxb3 Nbd7 10. Bd3 Nd5 11. Bg3 e6 12. O-O a6 13. e4 Nb4 14. Rd1
Nxd3 15. Rxd3 c5 16. dxc5 Nxc5 17. Nxc5 Bxc5 18. Nc3 O-O 19. Rad1 Be7 20. h3 f6
21. Bc7 Re8 22. f4 Ra7 23. Bd8 Kf7 24. g4 Bxd8 25. Rxd8 Rxd8 26. Rxd8 Bd7 27.
g5 fxg5 28. fxg5 Rc7 29. Ne2 g6 30. e5 Bc6 31. Nf4 Bd7 32. Nd3 Be8 33. Ra8 Rc3
34. Ra7+ Kf8 35. Nf4 Bf7 36. Ra8+ Kg7 37. Rxa6 Rg3+ 38. Kf2 Rxg5 39. Rxe6 Rf5
40. Rf6 Rxf6 41. exf6+ Kxf6 42. Ke3 Bxa2 43. Kd4 Kf5 44. Nd3 g5 45. Kc5 Bc4 46.
Nf2 Be2 47. Kd4 Kf4 48. Ne4 g4 49. hxg4 Kxg4 50. Nf6+ Kg5 51. Nxh7+ Kg6 52.
Nf8+ Kf5 53. Nd7 Bd1 54. Kc5 Ba4 55. Nb6 1/2-1/2

[Event "XXXI Moglianoscacchi C"]
[Site "Mogliano Veneto ITA"]
[Date "2010.05.01"]
[Round "2"]
[White "Stringhetta, Elio"]
[Black "Giancristofaro, Luca"]
[Result "1-0"]
[WhiteElo "1447"]
[BlackElo "1536"]
[PlyCount "127"]
[EventDate "2010.04.30"]

1. d4 d5 2. Bf4 Nf6 3. e3 e6 4. Nf3 c5 5. c3 Nc6 6. Bb5 Bd7 7. Nbd2 cxd4 8.
cxd4 Be7 9. O-O Nh5 10. Bxc6 Bxc6 11. Be5 f6 12. Nh4 g6 13. Bg3 O-O 14. a3 Bb5
15. Re1 a5 16. Rc1 Nxg3 17. fxg3 g5 18. Nhf3 g4 19. Nh4 f5 20. Rc3 Bxh4 21.
gxh4 Qxh4 22. Nf1 f4 23. exf4 Bxf1 24. Rxf1 h5 25. Qe2 Qf6 26. Qd3 Rfc8 27. f5
Rxc3 28. bxc3 Rc8 29. fxe6 Qxe6 30. Qd2 Qg6 31. Qf4 Qg7 32. Qf5 Rxc3 33. Qxd5+
Kh8 34. Qxh5+ Kg8 35. Qd5+ Kh8 36. Qd8+ Kh7 37. Qxa5 Qxd4+ 38. Kh1 Rc5 39. Qe1
Rc7 40. Qe6 Qg7 41. Qf5+ Kg8 42. Rd1 Rf7 43. Rd8+ Rf8 44. Rxf8+ Qxf8 45. Qxg4+
Kh8 46. Qh5+ Kg7 47. Qe5+ Kg8 48. Qd5+ Kh8 49. Qd4+ Kg8 50. a4 Qa3 51. h3 Qc1+
52. Kh2 Qc7+ 53. Kg1 Qc1+ 54. Kf2 Qc2+ 55. Kg3 Qc7+ 56. Qf4 Qc3+ 57. Kh2 Qb2
58. a5 Qb5 59. Qb8+ Kf7 60. h4 Kg7 61. Qc7+ Kg6 62. Qg3+ Kh7 63. Qc7+ Kh6 64.
Qb6+ 1-0

[Event "XXXI Moglianoscacchi C"]
[Site "Mogliano Veneto ITA"]
[Date "2010.05.01"]
[Round "2"]
[White "Vomiero, Luciano"]
[Black "Dal Bianco, Nicola"]
[Result "1-0"]
[WhiteElo "1464"]
[BlackElo "1582"]
[PlyCount "96"]
[EventDate "2010.04.30"]

1. e4 c5 2. c4 g6 3. Nc3 Bg7 4. Nge2 Nc6 5. d3 d6 6. Bd2 Nf6 7. Rb1 O-O 8. Ng1
Ng4 9. Be2 Nge5 10. Nd5 e6 11. Ne3 Nd4 12. Bc3 Nec6 13. Nf3 Rb8 14. Bxd4 Nxd4
15. Nxd4 Bxd4 16. Nc2 Qa5+ 17. Kf1 Bg7 18. a3 Qd8 19. h3 f5 20. Bf3 Qf6 21. Qd2
b6 22. b3 Bb7 23. Re1 fxe4 24. dxe4 Rfd8 25. Re2 Qf7 26. Qe3 d5 27. exd5 exd5
28. cxd5 Bxd5 29. Bxd5 Qxd5 30. Qe6+ Qxe6 31. Rxe6 Rd1+ 32. Ne1 Kf7 33. Re3
Rbd8 34. Ke2 R8d2+ 35. Kf3 Bd4 36. Re2 Rd3+ 37. Nxd3 Rxh1 38. Re1 Rxe1 39. Nxe1
Ke6 40. Nd3 g5 41. Ke4 Be5 42. Nxe5 a5 43. Nc4 b5 44. Nxa5 Kd6 45. Kd3 Kc7 46.
Kc3 Kb6 47. b4 c4 48. Nxc4+ bxc4 1-0